| 000 | 00390nam a22001577a 4500 | ||
|---|---|---|---|
| 999 |
_c8009 _d8009 |
||
| 003 | OSt | ||
| 005 | 20200617123208.0 | ||
| 008 | 200617b ||||| |||| 00| 0 eng d | ||
| 020 | _a9781935935797 | ||
| 082 |
_a728.314 _bSUM |
||
| 100 | _aSuman Sorg | ||
| 110 | _a Sorg Architects | ||
| 245 | _aSolea condominiums, Washington, D.C | ||
| 260 |
_bORO Editions _cDecember 2, 2013 |
||
| 942 | _2ddc | ||